000 00296nam a22001097a 4500
040 _cSY
082 _a333
100 _aKHOV KOUING; ខូវ គួង
245 _aBiological of coastal zone, ជីវសាស្រ្តតំបន់ឆ្នេរ
260 _aRUA
_bKHO
_c2010
942 _cKB
999 _c9693
_d9693